00303nam a2200109Ia 4500008004100000020001800041041000800059100002800067245006500095260002500160300000800185230724s2010 xx und d a9783836520102 aeng aSMITH A.C. AND SMITH S. aDEVELOPING YOUR DESIGN PROCESS, SIX KEY CONCEPTS FOR STUDIO. bROUTLEDGE ,USAc2010 a397